000 00307nam a2200109Ia 4500
008 220216s9999 xx 000 0 und d
100 _aFernando W S E
_cet al
245 0 _aLatex based cement for tyre retreading and repair industry
650 _aLatex based cement
650 _aTyre retreading
942 _cJS
999 _c61990
_d61990